Programa : VII Trobada d'Estudiosos del Montseny : 20 i 21 de novembre de 2008, Museu de Granollers VII Trobada d'Estudiosos del Montseny :
Publicado:
Barcelona :
Diputació de Barcelona. Àrea d'Espais Naturals. Oficina Tècnica de Parcs Naturals : Parc Natural del Montseny ,
2008
Descripción Física:
[76] p. : il. ; 30 cm
Otros Autores:
Museu de Granollers
MARC
| LEADER | 00000nam a2200000Ia 4500 | ||
|---|---|---|---|
| 001 | 21149 | ||
| 008 | 160829s2008 xx 000 0 cat d | ||
| 080 | |a C-3-160 | ||
| 111 | 2 | |a Trobada d'Estudiosos del Montseny |n (7a : |d 2008 : |c Granollers, Catalunya) |9 55748 | |
| 245 | |a Programa : |b VII Trobada d'Estudiosos del Montseny : |b 20 i 21 de novembre de 2008, Museu de Granollers | ||
| 260 | |a Barcelona : |b Diputació de Barcelona. Àrea d'Espais Naturals. Oficina Tècnica de Parcs Naturals : |b Parc Natural del Montseny, |c 2008 | ||
| 300 | |a [76] p. : |b il. ; |c 30 cm | ||
| 590 | |a Programa i resums de les jornades | ||
| 610 | 0 | |a Parc Natural del Montseny (Catalunya) |9 10461 | |
| 610 | 2 | 0 | |a Parc Natural del Montseny (Catalunya) |v Congressos |9 54395 |
| 700 | |a Museu de Granollers |9 22909 | ||
| 710 | 2 | |a Barcelona (Catalunya : Província). |b Oficina Tècnica de Parcs Naturals |9 54370 | |
| 901 | |a Arxiu | ||
| 942 | |n 1 | ||
| 952 | |0 0 |1 0 |4 0 |6 C3160 |7 1 |9 51223 |a Arxiu |b Arxiu |d 2016-12-01 |l 0 |o C-3-160 |p 21149 |r 2016-12-01 00:00:00 |w 2016-12-01 |y ARXIU | ||
| 999 | |c 55066 |d 55066 | ||